000 01670nam a22001457a 4500
999 _c528695
_d528695
008 250103b ||||| |||| 00| 0 eng d
100 _aBhat, Naseer Ahmad
_949682
245 _aJob market in the era of illiberalism, trade wars, artificial intelligence and big data: A study
260 _aIndian Journal of Public Administration
300 _a70(4), Dec, 2024: p.817-828
520 _aThis article aims to scrutinise the job markets and the impacts on jobs due to quite new themes which the world has witnessed, such as rise of illiberal democracies, trade wars between nations, artificial intelligence and big data. It is quite interesting to see the impact of ideologies of states on the jobs they create. Artificial intelligence is going to be a huge disruptor and so is managing of big data by companies. Based on the secondary data already available and the literature review, this article argues that job markets get impacted by the ideology of states, which in turn leads to trade wars. In a similar breath, data show that artificial intelligence and big data are going to create new ‘haves’ and ‘have-nots’ in the world. The answer to this problem lies in regulating the artificial intelligence climate and bringing in new rules for the game where big players operate, which amass humongous data. Rules should be framed in a way so that digitally deprived people do not lose their jobs.-Reproduced https://journals.sagepub.com/doi/full/10.1177/00195561241277239
650 _aJob market, illiberalism, Artificial intelligence, World wars, Big data, Trade wars.
_949683
773 _aIndian Journal of Public Administration
942 _cAR